Guess the Flag - Statistics

General Stats
  • This quiz has been taken 23 times
  • The average score is 7 of 8
Answer Stats
Picture Answer % Correct
United Kingdom
100%
USA
100%
Brazil
94%
China
94%
Japan
94%
France
88%
Germany
81%
Greece
75%
No matching quizzes found
Score Distribution
Percent of People with Each Score
Percentile by Number Answered
Your Score History
You have not taken this quiz